| 000 | 01133nam a22003377a 4500 | ||
|---|---|---|---|
| 001 | BR0405287 | ||
| 003 | BR-BrBNA | ||
| 005 | 20230928101747.0 | ||
| 007 | ta | ||
| 008 | 230509b bl.||||| |||| 00| 0 por d | ||
| 040 |
_aBR-BrBNA _bpor _cBiblioteca Nacional de Agricultura |
||
| 041 | _a(Por) | ||
| 072 |
_aQ02; E70; E16 _b1540 |
||
| 090 | _ 1540 BR0405287 | ||
| 110 | 1 | _aEMBRAPA Mandioca e Fruticultura, Cruz das Almas, BA (Brasil) | |
| 110 | 1 | _aServiço Brasileiro de Apoio às Micro e Pequenas Empresas, Brasília, DF (Brasil) | |
| 245 | 1 |
_aIniciando um pequeno grande negócio agroindustrial: processamento da mandioca _bSérie Agronegócios |
|
| 260 | 3 |
_aBrasília, DF (Brasil): _bEMBRAPA Informação Tecnológica, _c2003. |
|
| 300 | _a115 p. | ||
| 500 | _a9 ref.; 23 tables; 51 illus.; inclui fita de video | ||
| 650 | _aMANDIOCA | ||
| 650 | _aTECNOLOGIA DE ALIMENTO | ||
| 650 | _aAGRONEGÓCIO | ||
| 650 | _aMERCADO | ||
| 650 | _aANÁLISE ECONÔMICA | ||
| 650 | _aINVESTIMENTO | ||
| 650 | _aCUSTO DE PRODUÇÃO | ||
| 650 | _aPESQUISA DE MERCADO | ||
| 909 |
_a202309 _bLucia _c55 _dLucia Elande |
||
| 942 | _cBK | ||
| 999 |
_c67441 _d67441 |
||